| 000 | 00951nam a2200313 a 4500 | ||
|---|---|---|---|
| 001 | 000043775 | ||
| 003 | DO-SdBNP | ||
| 005 | 20250227073850.0 | ||
| 007 | ta | ||
| 008 | 140428s2000 dr a r 000 0 spa d | ||
| 020 | _a8449925487 | ||
| 040 |
_aDO-SdBNP _bspa _cBNPHU |
||
| 082 | 4 |
_a306 _bC334h, 2000 _222 |
|
| 245 | 0 | 0 |
_aHombre y sociedad : _bguía didáctica / _cLucio Casado M. |
| 250 | _a12a. ed. | ||
| 260 |
_aSanto Domingo : _bCENAPEC, _c2000. |
||
| 300 |
_a330 p. : _bil. ; _c22 cm. |
||
| 504 | _aBibliografía : p. 323-324 | ||
| 590 | _aInventariado, 2018/VM | ||
| 650 | 0 |
_aCambio social _91661 |
|
| 650 | 0 |
_aSociología _91061 |
|
| 650 | 4 |
_aSociología educativa _953721 |
|
| 650 | 0 |
_aClases sociales _91062 |
|
| 650 | 4 |
_aAntropología social _92424 |
|
| 700 | 1 |
_aMenéndez Alarcón, Antonio, _eed. _942643 |
|
| 700 | 1 |
_aAlcántara Almánzar, José _d1946- _97018 |
|
| 910 | _aValidado. Control de calidad. MFF | ||
| 942 |
_2ddc _cLBS1 |
||
| 999 |
_c43264 _d43264 |
||